000 00665nam a2200181Ia 4500
003 GCL
008 140319s9999 xx 000 0 ara d
020 _a8180105979
040 _aGCL /
_cGCL
082 0 4 _a646.4
_bك ف
100 1 _aكفاية سليمان احمد
245 1 0 _aفن توليف الخامات بالتراث المصرى :
_bوالاستفادة منه فى تصميم الازياء المعاصرة /
_cكفاية سليمان احمد
260 _aالقاهرة :
_bمكتبة الانجلوالمصرية ،
_c2001
300 _a234 ص ؛
_c24 سم
650 0 4 _aالازياء
650 0 4 _aتصميم الازياء
942 _2ddc
_cBK
999 _c5269
_d5269